| 000 | 01824nam a2200481Ii 4500 | ||
|---|---|---|---|
| 001 | DIGPROTE031 | ||
| 003 | NyNyDIG | ||
| 007 | cr ||||||||||| | ||
| 008 | 150113s2012 sp ob 000 0 spa d | ||
| 006 | m o d | ||
| 040 |
_aDGITA _beng _erda _epn _cDGITA |
||
| 020 |
_a9788415549185 _q(eBook ; _qpdf) |
||
| 020 |
_a8415549180 _q(eBook ; _qpdf) |
||
| 020 |
_a9788415047124 _q(eBook ; _qePub) |
||
| 020 |
_a8415047126 _q(eBook ; _qePub) |
||
| 020 | _z9788493772055 | ||
| 020 | _z8493772054 | ||
| 035 | _a(OCoLC)907570657 | ||
| 050 | 1 | 4 | _aHQ796 ebook |
| 082 | 0 | 4 | _a305.235 |
| 100 | 1 |
_aBilbeny, Norbert, _eauthor. |
|
| 245 | 1 | 3 |
_aEl futuro empieza hoy : _bmanual de emancipación / _cNorbert Bilbeny. |
| 250 | _aPrimera edición [digital]. | ||
| 264 | 1 |
_aCànoves i Samalús [Spain] : _bEditorial Proteus, _c[2012] |
|
| 300 | _a1 online resource. | ||
| 336 |
_atext _btxt _2rdacontent |
||
| 337 |
_acomputer _bc _2rdamedia |
||
| 338 |
_aonline resource _bcr _2rdacarrier |
||
| 490 | 1 | _aColección Siglo XXI : ética actual | |
| 588 | _aOnline resource; title from PDF title page (Digitalia, viewed January 13, 2015). | ||
| 504 | _aIncludes bibliographical references. | ||
| 650 | 0 | _aAutonomy in youth. | |
| 650 | 0 |
_aYouth _xSocial conditions _y21st century. |
|
| 650 | 0 |
_aYouth _xPsychology. |
|
| 655 | 0 | _aElectronic books. | |
| 776 | 0 | 8 |
_iPrint version: _aBilbeny, Norbert. _tFuturo empieza hoy. _b1. ed. _dCanoves i Samalús : Editorial Proteus, 2010 _z9788493772055 _w(DLC) 2010476563 _w(OCoLC)667878640 |
| 791 | 2 |
_aDigitalia (Firm), _edistributor. |
|
| 793 | 0 |
_gDigitalia eBook Collection: _aProteus |
|
| 830 | 0 | _aColección Siglo XXI (Editorial Proteus) | |
| 856 | 4 | 0 |
_3Digitalia Hispánica _uhttps://www.digitaliapublishing.com/a/15066/ |
| 910 | _aPremium collection: 2018 | ||
| 942 | _cRAA | ||
| 999 |
_c233943 _d233943 |
||